000 00417nam a2200181Ia 4500
005 20240823041150.0
008 240823s9999||||xx |||||||||||||| ||und||
041 _aENGLISH
082 _A658.8 N3
100 _aRajan Nair N
245 0 _aMarketing
250 _a7th
260 _c1993
_b"S Chand,New Delhi"
500 _aTRANSFERED
650 _aMarketing
_bManagement Studies
942 _cBK
999 _c204843
_d204843